zpět

Detail výsledku týmu

Letní Bar Terasa, Břeclav

Datum a čas kvízu

43.5 Celkem bodů Celkový počet nahraných bodů na tomto kvízu bez doplňovacích otázek.
1. Pořadí na kvízu Konečné umístění týmu na tomto kvízu.

Zaznamenané odpovědi

# Otázka Odpověď Body Výsledky
1. Minulé úterý vyjel z Prahy jed... do Rumunska 1
2. V sobotu začal v lázeňském let... ve Francii 0
3. Ze zábavního parku Tazmania v... dvě její ramena připomínala hákové kříže 1
4. Česká republika koupí za 14,5... Viper, Venom 1
5. Na startovní listině španělské... Zdeněk Štybar 1
6. S menšími či většími oslími mů... 2014 Soči 1
7. "Když končí se den a usne má z... Voda živá 1
8. Které ministerstvo vedl v lete... C 1
9. Jednou z nejzajímavějších a ne... Svitavy 0
10. František Langer byl český spi... jehly, Pištory 0.5